Lua Nova (Registo nº 1016)
[ vista simples ]
| 000 -Etiqueta do registo | |
|---|---|
| Cabeçalho | 01179nam a2200409 4500 |
| 005 - Identificador da versão | |
| Campo de controlo | 20240813121823.0 |
| 010 ## - Número internacional normalizado dos livros (ISBN) | |
| Número (ISBN) | 9789895574469 |
| Número (ISBN) | 978-989-557-518-3 |
| 021 ## - Número do Depósito Legal | |
| Código do país | PT |
| Número | 265981/07 |
| Código do país | PT |
| Número | 273696708 |
| 035 ## - Other System Control Numbers | |
| System Control Number | 0001064 |
| System Control Number | 0001064 |
| 100 ## - Dados gerais de processamento | |
| Dados gerais de processamento | 20090504g20072009ma y0pory5003 ba |
| 102 ## - Pais de publicação ou produção | |
| País de publicação | Portugal |
| 101 1# - Língua de publicação | |
| Língua do texto, banda sonora, etc. | Português |
| Língua do documento no original | Inglês |
| 106 ## - Campo de dados codificados: material textual | |
| Dados codificados do material textual | r |
| 105 ## - Campo de dados codificados: livros | |
| Dados codificados dos livros | y z 000ay |
| 215 ## - Descrição física | |
| Indicação específica da natureza do documento e extensão da espécie | 514 p. |
| Dimensões | 23 cm |
| 200 1# - Titulo e menção de responsabilidade | |
| Título próprio | Lua Nova |
| Primeira menção de responsabilidade | Stephenie Meyer |
| Outras menções de responsabilidade | trad. Vera Falcão Martins |
| 225 2# - Colecção | |
| Título próprio da colecção | Mil e um mundos |
| 205 ## - Menção da edição | |
| Menção da edição | 9ª ed. |
| 210 ## - Publicação, Distribuição, etc. | |
| Lugar da edição, distribuição, etc. | Vila Nova de Gaia |
| Nome do editor, distribuidor, etc. | Gailivro |
| Data da publicação, distribuição, etc. | 2009 |
| 327 0# - Nota de conteúdo | |
| Texto da nota | [2o v.] : Lua nova. - 2007. - 510, [1] p. |
| -- | [3o v.] : Eclipse / trad. Ana Mendes Lopes. - 2008. - 601, [4] p. |
| 304 ## - Notas relativas a título e menção de responsabilidade | |
| Texto da nota | Tít. orig.: Eclipse |
| Texto da nota | Tít. orig.: New moon |
| 517 1# - Outras variantes do título | |
| Variant Title | Lua nova |
| Variant Title | Eclipse |
| 675 ## - Classificação Decimal Universal (CDU) | |
| Notação | 821.111(73)-31"20" |
| Edição | BN |
| Língua da edição | por |
| 702 #1 - Nome de autor-pessoa física (responsabilidade secundária) | |
| Número de registo de entrada de autoridade | 0001359 |
| Palavra de ordem | Martins |
| Outra parte do nome não tomada para palavra de ordem | Vera Falcão |
| Código de função | Tradutor |
| Número de registo de entrada de autoridade | 0001378 |
| Palavra de ordem | Lopes |
| Outra parte do nome não tomada para palavra de ordem | Ana Mendes |
| Código de função | Tradutor |
| 700 #1 - Nome de autor-pessoa física (responsabilidade principal) | |
| Número de registo de entrada de autoridade | 0001377 |
| Palavra de ordem | Meyer |
| Outra parte do nome não tomada para palavra de ordem | Stephenie |
| Datas | 1973- |
| 900 ## - | |
| -- | BIBNAC |
| -- | 20091218 |
| 942 ## - Elementos de entrada adicionados (Koha) | |
| Tipo de item no Koha | Livro |
| Situação do levantamento | Origin of item (home branch) (coded) | Biblioteca de empréstimo | Código de barras | Cota | Circulation type (not for loan) | Tipo de documento | Nota do exemplar | Damaged status |
|---|---|---|---|---|---|---|---|---|
| Biblioteca Escolar Eng. Nuno Mergulhão | Biblioteca Escolar Eng. Nuno Mergulhão | BENM1869 | 8EST MEY | Livro | Sem mensagem |
